| 000 | 00610na a2200241 4500 | ||
|---|---|---|---|
| 001 | 13435 | ||
| 003 | MIRAKIL | ||
| 005 | 20181213154941.0 | ||
| 008 | 161010b tu 000 0 | ||
| 035 | _a13435 | ||
| 040 |
_aMilas _btur _cTR-AnCHP |
||
| 041 | _atur | ||
| 082 |
_a320.81442 _bT69m [t.y.] |
||
| 090 | _a320.81442 T69m [t.y.] | ||
| 100 | _aToy, Erol | ||
| 245 |
_aMeclisler ve partiler _cErol Toy |
||
| 260 |
_a[y. y.] _bYaz Yayınları _c[t.y] |
||
| 300 |
_a235 s. _c20 sm. |
||
| 500 | _aDeneme | ||
| 650 |
_aSiyasal partiler _zTürkiye |
||
| 650 |
_aMeclisler _xDenemeler |
||
| 942 |
_2ddc _cBKS |
||
| 999 |
_c3740 _d3740 |
||